00527nam a2200109Ia 4500008004100000050002300041100002500064245019700089260008600286300003300372521001200405140724s9999 xx 000 0 und d aRT 89b.Sa237 2010 aSantos, Paul Jordan. 2aA comparative study of level of inattentiveness between male and female third year nursing students of Southville International School and Colleges School Year 2009-2010 /cPaul Jordan Santos. aLas Piñas, Philippines :bSouthville International School and Colleges,cc2010. a53 p. :bcol. ill. ;c28 cm. aNursing